| 000 | 00803nam a2200193 i 4500 | ||
|---|---|---|---|
| 001 | 130622 | ||
| 003 | ES-MaACL | ||
| 005 | 20230906193807.0 | ||
| 007 | t| | ||
| 008 | 070802s1924 sp ||||1| spa d | ||
| 100 | 1 |
_aZas, Enrique. _9118096 |
|
| 245 | 1 | 0 |
_aSí... ¡Colón español : _brefutación al folleto ¿Colón español?, publicado por don Ángel Altolaguirre y Duvale ... : colección de artículos publicados en "Diario Español" de La Habana / _cEnrique Zas. |
| 260 |
_aHabana : _b[s.n.], _c1924 ( _fImprenta y Papelería de Rambla, Bouza y Ca) |
||
| 300 |
_a122 p. ; _c21 cm. |
||
| 600 | 1 | 4 |
_aColón, Cristóbal- _xLugar de nacimiento. _9164774 |
| 700 | 1 |
_aAltolaguirre y Duvale, Ángel de, _d1857-1939 _920559 |
|
| 852 |
_aES-MaACL _j1674-F-5 _bR.4556 |
||
| 999 |
_c130622 _d130622 |
||